Sietecuentos
محفوظ في:
| المؤلف الرئيسي: | |
|---|---|
| التنسيق: | كتاب |
| اللغة: | الإسبانية |
| منشور في: |
Santiago
Nascimento
1964
|
| سلاسل: | Colección Araucaria
|
| الموضوعات: | |
| الوسوم: |
إضافة وسم
لا توجد وسوم, كن أول من يضع وسما على هذه التسجيلة!
|
MARC
| LEADER | 00000nam a2200000 a 4500 | ||
|---|---|---|---|
| 001 | UCX2181 | ||
| 003 | CL-VaPUC | ||
| 008 | 910328e19640000CL |||||||||||||||||spa|d | ||
| 082 | 0 | 4 | |a Ch863 |b DUR |2 21 |
| 100 | 0 | |a Durand, Luis |e author |9 318015 | |
| 245 | 1 | 0 | |a Sietecuentos |
| 300 | |a 148 p | ||
| 942 | |c BK | ||
| 945 | |d 19910328 00:00:00 | ||
| 260 | |a Santiago |b Nascimento |c 1964 | ||
| 650 | 0 | |a Cuentos chilenos |9 308280 | |
| 583 | |a last modification |c 19910328 00:00:00 |k Rodrigo Vera | ||
| 490 | 0 | |a Colección Araucaria | |
| 999 | |c 223260 |d 223258 | ||
| 952 | |0 0 |1 0 |4 0 |6 CH_863_000000000000000_DUR_1964 |7 0 |8 A |9 218872 |a BIBEDU |b BIBEDU |c ES_NOD |d 2019-11-15 |i 2876728 |o Ch863 DUR 1964 |p 2876728 |r 2023-08-09 |w 2019-11-15 |y BK |k LIT | ||
| 952 | |0 0 |1 0 |4 0 |6 CH_863_000000000000000_DUR_1964 |7 0 |8 A |9 218873 |a BIBEDU |b BIBEDU |c ES_NOD |d 2019-11-15 |i 2876736 |o Ch863 DUR 1964 |p 2876736 |r 2023-08-09 |w 2019-11-15 |y BK |k LIT | ||
| 952 | |0 0 |1 0 |4 0 |6 CH_863_000000000000000_DUR_1964 |7 0 |8 A |9 218874 |a BIBEDU |b BIBEDU |c ES_NOD |d 2019-11-15 |i 2876744 |o Ch863 DUR 1964 |p 2876744 |r 2023-08-09 |w 2019-11-15 |y BK |k LIT | ||
| 952 | |0 0 |1 0 |4 0 |6 CH_863_000000000000000_DUR_1964 |7 0 |8 A |9 218875 |a BIBEDU |b BIBEDU |c ES_NOD |d 2019-11-15 |i 1467026 |o Ch863 DUR 1964 |p 1467026 |r 2023-08-09 |w 2019-11-15 |y BK |k LIT | ||